Statistics for Colorado State Quiz

Click here to take the quiz!

General Stats

  • This quiz has been taken 66 times
  • The average score is 7 of 17

Answer Stats

Hint Answer % Correct
CapitalDenver
100%
Glenwood Springs and Grand Junction are on what river?Colorado River
87%
Ski resort named for a treeAspen
87%
Fourth largest cityFort Collins
71%
Third largest cityAurora
68%
Highest PointMount Elbert
55%
Above is on what riverSouth Platte River
52%
Fifth largest cityLakewood
35%
UNESCO World Heritage Site and National ParkMesa Verde
29%
Mountains west of the aboveSan Juan Mountains
26%
Rocky Mountain NP is in mountain rangeFront Range
26%
Great Sand Dunes NP is in what mountain rangeSangre de Cristo Mountains
23%
River flowing through Dinosaur National MonumentYampa River
19%
Valley west of #4San Luis Valley
16%
Above is in what range?Sawatch Range
10%
Lowest point in Colorado is along what riverArkansas River
6%
Mountain range between North Platte and Elk RiversPark Range
3%

Score Distribution

Percentile by Number Answered

Percent of People with Each Score

Your Score History

You have not taken this quiz